000 00297nam a22001217a 4500
041 _aENG
100 _aM.H.Gutcho
245 _aFreeze Drying Processes For The Food Industry
260 _aNew Jersey
_bNoyes Data Corporation
_c1977
300 _a435
650 _aAPE ( 02 )
856 _uAPE ( 02 )
999 _c2833
_d2833